Svojská Japonka

Krátka história japonskej automobilky Mazda. Efektívna výroba a úspory. Zdokonaľovanie spaľovacích motorov.

Guardado en:
Detalles Bibliográficos
Autor principal: Kantorík, Juraj
Formato: Capítulo de libro
Lenguaje:eslovaco
Materias:
Etiquetas: Agregar Etiqueta
Sin Etiquetas, Sea el primero en etiquetar este registro!

MARC

LEADER 00000naa a2200000 4500
001 0191223
005 20231013091135.0
041 0 |a slo 
044 |a SK 
245 1 0 |a Svojská Japonka  |c Juraj Kantorík 
520 |a Krátka história japonskej automobilky Mazda. Efektívna výroba a úspory. Zdokonaľovanie spaľovacích motorov. 
610 2 0 |a automobily osobné 
610 2 0 |a priemysel automobilový 
610 2 0 |a Japonsko 
100 1 |a Kantorík, Juraj